000 01061nas0a22002891i 4500
001 RU\NLR\DRGNLR\1864
005 20240725031032.0
035 _a(NLR Aleph) 010310436
090 _a10635231
_c10635231
100 _a20080514b1916 u y0rusy50 ca
101 0 _arus
102 _aRU
110 _acya||||||||
200 1 _aИзвестия о военных событиях
_e[Телеграммы] Петрогр. телегр. агенства, изд. Хорол. уезд. земством
_fРед. И.Велецкий
210 _aХорол
_d1916, [?] - [?]
540 1 _aИзвестия о военных событиях
702 1 _aВелецкий
_bИв. Зах.
_4340
801 0 _aRU
_bNLR
_c20080514
_gPSBO
_2gzdor_isis
801 2 _aRU
_bNLR
_c20080514
_gPSBO
_2rusmarc
852 _aNLR
_j1-Р/1-1133
942 _cNEWSPAPER
980 _aDRG